1888 1972 1091 1405 1485 1619 1933 1355 1890 1418 1688 1415 1992 1253 1619 1952 1705 1831 1681 1888 1021 1418 1492 1150 1087 1802 1236 1091 1536 1640 1917 1662 1515 1417 1727 1360 1811 1703 1552 1685 1421 1416 1704 1887 1853 1395 1118 1389 1549 1829 1110 1024 1969 1224 1579 1161 1396 1659 1084 1339 1071 1706 1791 1823 1902 1615 1842 1934 1366 1330 1067 1946 1068 1563 1149 1090 1635 1410 1892 1764 1886 1805 1018 1536 1897 1329 1358 1427 1879 1580 1891 1248 1466 1951 1892 1149 1093 1503 1692 BCNSPRNW ULIB Ver.6.0+V

เปลี่ยนเป็นภาษาไทย

Change to English
 แสดงรายละเอียดบรรณานุกรม
  กลับหน้าหลัก

Brief Record : Get Marc (ISO 2709) : E-mail record : QR code < ปิดหน้าต่าง
LEADER : 00000nam 2200000uu 4500
001    13399120612
003     ULIB
008    120928s2548||||th 000 0 tha d
020    ^a9749297253
060 04 ^aWY152.5^bผ225ก 2551
100 0  ^aผ่องพรรณ อรุณแสง
245 10 ^aการพยาบาลผู้ป่วยโรคหัวใจและหลอดเลือด /^cผ่องพรรณ อรุณแสง
250    ^aพิมพ์ครั้งที่ 1
260    ^aขอนแก่น :^bคณะพยาบาลศาสตร์ มหาวิทยาลัยขอนแก่น,^c2551
300    ^aก-ฐ, 393 หน้า :^bภาพประกอบ ;^c26 ซม.
650  7 ^aหัวใจร่วมหลอดเลือด, โรค^xการพยาบาล
650  7 ^aหลอดเลือด, โรค^xการพยาบาล
650  7 ^aหัวใจ, โรค^xการพยาบาล
710 2  ^aมหาวิทยาลัยขอนแก่น. ^bคณะพยาบาลศาสตร์
945    ^p250^l0^i24485
945    ^p250^l0^i15493
945    ^p250^l0^i15494
945    ^p250^l0^i15527
995    ^aกัณชพร
999 ^a ใช้งานได้ทุกระบบ
รายการนี้ยังไม่มีแท็ก
คุณยังไม่ได้ล็อกอิน คุณสามารถมีกิจกรรมร่วมกับเว็บไซต์ได้ แต่ต้องล็อกอินก่อน ::
  ล็อกอิน

รายการสื่อสารสนเทศ

ลำดับที่ ประเภท เลขเรียก/บาร์โค้ด สถานที่ สถานะ
1. Book การพยาบาล
Book การพยาบาล
สถานะ=หนังสือเก่า
WY152.5 ผ225ก 2551  
  Barcode: 24485
ห้องสมุดวิทยาเขตนครสวรรค์
►ส่วนจัดเก็บหนังสือเก่า นว.
บนชั้น
  ขอยืม
2. Book การพยาบาล
Book การพยาบาล
สถานะ=หนังสือเก่า
WY152.5 ผ225ก 2551 ฉ.2 
  Barcode: 15493
ห้องสมุดวิทยาเขตนครสวรรค์
►ส่วนจัดเก็บหนังสือเก่า นว.
บนชั้น
  ขอยืม
3. Book การพยาบาล
Book การพยาบาล
สถานะ=หนังสือเก่า
WY152.5 ผ225ก 2551 ฉ.3 
  Barcode: 15494
ห้องสมุดวิทยาเขตนครสวรรค์
►หนังสือทั่วไป:l:General Books
บนชั้น
4. Book การพยาบาล
Book การพยาบาล
สถานะ=หนังสือเก่า
WY152.5 ผ225ก 2551 ฉ.4 
  Barcode: 15527
ห้องสมุดวิทยาเขตนครสวรรค์
►หนังสือทั่วไป:l:General Books
บนชั้น

รายการใกล้เคียง
    ผู้แต่ง [ผ่องพรรณ อรุณแสง]

BibComment


ยังไม่เคยถูกคอมเมนท์

คอมเมนท์ทรัพยากรรายการนี้
  คอมเมนท์: การพยาบาลผู้ป่วย..


 Copyright 2026. Bcnsprnw @Library